| 000 | 00665nam a22002057a 4500 | ||
|---|---|---|---|
| 999 |
_c15099 _d15099 |
||
| 003 | AR-CdUCM | ||
| 008 | 190401b ||||| |||| 00| 0 spa d | ||
| 020 | _a978-9972-203-16-9 | ||
| 040 |
_aMUNICIPALIDAD PROVINCIAL DEL CUSCO _cBIBLIOTECA MUNICIPAL DEL CUSCO |
||
| 082 |
_aPI / 372.460 / _bZ37 |
||
| 100 |
_aZapata Santillana, Everardo _927530 |
||
| 245 |
_aCoquito : _bcartilla de lectura inicial / |
||
| 260 |
_aLima : _bCoquito, |
||
| 300 |
_a48 páginas ; _bIlustraciones _c27 cm. |
||
| 650 |
_aCartilla de lectura. _927591 |
||
| 650 |
_aAprende a leer _934125 |
||
| 650 |
_aTexto para niños (as) _934114 |
||
| 942 |
_2ddc _cLIBROS |
||
| 945 |
_awnts _d2019-04-25 |
||